Normal view
MARC view
- Authors, American
Entry Topical Term
001 - CONTROL NUMBER
- control field: 8212
003 - CONTROL NUMBER IDENTIFIER
- control field: NUST
005 - DATE AND TIME OF LATEST TRANSACTION
- control field: 20180111094300.0
008 - FIXED-LENGTH DATA ELEMENTS
- fixed length control field: 180111|| aca||aabn | a|a d
040 ## - CATALOGING SOURCE
- Original cataloging agency: NUST
- Transcribing agency: NUST
150 ## - HEADING--TOPICAL TERM
- Topical term or geographic name entry element: Authors, American
- Chronological subdivision: 20th century
- General subdivision: Correspondence.
670 ## - SOURCE DATA FOUND
- Source citation: Work cat.: (NUST)0: Hanff, Helene. 8209, 84, Charing Cross Road., 1970.
